| 000 | 01853nam a2200553 i 4500 | ||
|---|---|---|---|
| 001 | 42427 | ||
| 003 | KOSZ 005 | ||
| 005 | 20220906132458.0 | ||
| 008 | 021220s2002 pl a f f |000 0 pol | ||
| 015 | _aPB 2003/1678 | ||
| 020 | _a8387274844 | ||
| 035 | _a991020000769705066 | ||
| 035 | _a(PL-WaBN)b15421168-48omnis_nlop | ||
| 035 | _ab15421168 | ||
| 035 | _a(OCoLC)749568575 | ||
| 035 | _a(PL)b0000001542116 | ||
| 035 | _a(EXLNZ-48OMNIS_NETWORK)9910210834605606 | ||
| 040 |
_aWA N _cWA N _dKOSZ 005/HR |
||
| 041 | 0 | _apol | |
| 046 | _k2002 | ||
| 080 | _a631.3 | ||
| 080 | _a66 | ||
| 080 | _a62-1/-8 | ||
| 080 | _a628.5 | ||
| 080 | _a(075.8) | ||
| 245 | 0 | 0 |
_aMaszyny środowiska rolno-spożywczego i chemicznego : _bpraca zbiorowa / _cpod red. Józefa Flizikowskiego ; [aut. Marek Bieliński et al.]. |
| 260 |
_aBydgoszcz : _bWydawnictwa Uczelniane Akademii Techniczno-Rolniczej, _ccop. 2002. |
||
| 300 |
_a249 s. : _bil. ; _c24 cm. |
||
| 336 |
_2rdacontent _aTekst _btxt |
||
| 337 |
_2rdamedia _aBez urządzenia pośredniczącego _bn |
||
| 338 |
_2rdacarrier _aWolumin _bnc |
||
| 380 | _aKsiążki | ||
| 380 | _aPublikacje dydaktyczne | ||
| 385 |
_mPoziom nauczania _aSzkoły wyższe |
||
| 388 | _a2001- | ||
| 504 | _aBibliogr. przy ćw. | ||
| 650 | 7 | _aNarzędzia i maszyny | |
| 650 | 7 |
_aTechnologia żywności _2DBN |
|
| 650 | 7 |
_aTechnologia chemiczna _2DBN |
|
| 655 | 7 |
_aPodręczniki akademickie _2DBN |
|
| 658 | _aInżynieria i technika | ||
| 658 | _aRolnictwo i leśnictwo | ||
| 650 | 7 |
_aCzyste technologie _2DBN |
|
| 700 | 1 |
_aBieliński, Marek _eAutor |
|
| 700 | 1 |
_aFlizikowski, Józef, _d(1951- ). _eRedakcja |
|
| 856 |
_uhttp://koha.tu.koszalin.pl/cgi-bin/koha/opac-detail.pl?biblionumber=42427 _yKatalog online BPK |
||
| 942 |
_2UKD _cKS |
||
| 999 |
_c42427 _d42427 |
||